000 01197nam a22002417a 4500
005 2008062704314.0
008 080627t xxu||||| |||| 00| 0 hin d
010 _aHIN-83658
020 _a8173150966
_c200.00
035 _aHN-56004
037 _bDBAD / PUB
040 _aDPL
_bHN
082 _a301.153 / शंकर
100 _aशंकरदयाल सिंह
245 _aमहात्मा गांधी प्रथम दर्शनः प्रथम अनुभूति /
_cशंकरदयाल सिंह
246 _aMahatma Gandhi- Pratham Darshan:Pratham Anubhuti
_bby Shankar Dayal Singh
260 _aनई दिल्ली
_bप्रभात प्रकाशन
_c2007
270 _a4/19 आसफ अली रोड
_bनई दिल्ली
_e110002
300 _a220पृ
_c22सेमी(सजिल्द)
650 _aMahatsm Gandhi-ideology
942 _cHN
_2ddc
_h301.153
_mशंकर
999 _c14041
_d14041